000 00837nam a2200193 i 4500
001 122600
003 ES-MaACL
005 20230906192016.0
007 t|
008 070214q1970 sp r ||||1| spa d
110 2 _aAsociación para el Progreso de la Dirección.
_91775
245 1 0 _aProblemas actuales del Director de Personal
_b: desarrollo económico, proyecto de Ley Sindical, conflictos colectivos, relaciones sindicales, colaboración con la universidad, implantación del management /
_cJosé Gaspar González Palenzuela... [et al.].
260 _aMadrid :
_bAsociación para el Progreso de la Dirección,
_c1970.
300 _a82 p. ;
_c27 cm.
650 4 _aConflictos laborales-
_zEspaña.
_9157827
700 1 _aGonzález Palenzuela, José Gaspar.
_9207768
852 _aES-MaACL
_jC-41036
_bR.72791
999 _c122600
_d122600